000 00696nam a2200253Ia 4500
003 OSt
005 20220918221043.0
006 a|||||r|||| 00| 0
007 ta
008 220917b |||||||| |||| 00| 0 eng d
024 _a148,077
037 _cTextual
040 _aARTS
_cARTS
_beng
041 _2eng
_aeng
082 _aS8:44, M7
100 _aBillig Michael
245 0 _aArguing and thinking
_b a rhetorical approach to social psychology
260 _aCambridge
_bCUP
_c1987
300 _a290p.
_ccm.
490 _aEuropeam monographs in social psychology
650 _aPSYCHOLOGY
942 _hS8:44, M7
_cTEXL
_2CC
999 _c270754
_d270754